Carta a un joven profesor: por qué enseñar hoy

Salvato in:
Dettagli Bibliografici
Autore principale: Meirieu, Philippe (autor)
Natura: Libro
Lingua:spagnolo
Pubblicazione: Barcelona Graó 2006
Edizione:1a. ed
Serie:Micro-Macro Referencias, 9
Soggetti:
Tags: Aggiungi Tag
Nessun Tag, puoi essere il primo ad aggiungerne!!

MARC

LEADER 00000cam a2200000 a 4500
001 UCD1239
003 CL-VaPUC
008 160121e20060000sp |||||||||||||||||spa|d
020 |a 9788478274543 
082 0 4 |a 370.1  |b MEI  |2 21 
100 |a Meirieu, Philippe  |e autor  |9 584331 
245 1 0 |a Carta a un joven profesor: por qué enseñar hoy 
250 |a 1a. ed 
300 |a 128 p 
942 |c BK 
945 |d 20160121 16:41:00  |a dcastane 
260 |a Barcelona  |b Graó  |c 2006 
650 0 |a Filosofía de la educación   |9 258384 
650 0 |a Psicología del aprendizaje  |9 306854 
583 |a last modification  |c 20160121 16:41:00  |k Rodrigo Vera 
490 0 |a Micro-Macro Referencias, 9 
999 |c 362618  |d 362616 
952 |0 0  |1 0  |3 erb  |4 0  |6 370_100000000000000_MEI_2006  |7 0  |8 A  |9 473992  |a BIBEDU  |b BIBEDU  |i 5262879  |l 1  |o 370.1 MEI 2006  |p 5262879  |r 2024-03-08  |s 2024-03-08  |w 2019-11-24  |y BK  |z Catalogado en:20160121  |k EPE 
952 |0 0  |1 0  |3 erb  |4 0  |6 370_100000000000000_MEI_2006  |7 0  |8 A  |9 473993  |a BIBEDU  |b BIBEDU  |i 5262860  |o 370.1 MEI 2006  |p 5262860  |r 2019-11-24  |w 2019-11-24  |y BK  |z Catalogado en:20160121  |k EPE 
952 |0 0  |1 0  |3 erb  |4 0  |6 370_100000000000000_MEI_2006  |7 0  |8 A  |9 473994  |a BIBEDU  |b BIBEDU  |i 5262852  |o 370.1 MEI 2006  |p 5262852  |r 2019-11-24  |w 2019-11-24  |y BK  |z Catalogado en:20160121  |k EPE